000
00219nam a2200097Ia 4500
008
120527s9999 xx 000 0 und d
100
_a
ATTON,Chris.
245
_a
Alternative Literature.
260
_b
Glower
942
_c
BK
999
_c
23763
_d
23763